000 00309nam a22001337a 4500
008 180806b xxu||||| |||| 00| 0 eng d
082 _a813.52
245 _aThe Practice of Nursing Research
_cSaunders,E
260 _c2005
300 _a1
_fCD
440 _x9780721606293
760 _b5th
942 _2ddc
_cMX
999 _c46839
_d46839